000 00627nam a2200241 a 4500
003 AR-BaBNM
005 20251128203629.0
008 082120s2002 ||||||||||||||000 | spa||
040 _cAR-BaBNM
100 1 _aOrtí, Ana
245 0 0 _aSalve América
_bla poesía de América : la poesía de los nietos : la poesía de la fe
260 _aBuenos Aires
_b[s.n.]
_c1962
300 _a57 p.
650 4 _aLITERATURA ARGENTINA
650 4 _aPOESIA
650 4 _aESCRITORES
650 4 _aLITERATURA CONTEMPORANEA
651 4 _aAmérica
655 _aLITERATURA
700 1 _aOrtí, Luis
942 _cBK
998 _cMARTIN
999 _c4231
_d4231